IVE - Chansons de l'album Revive+ - Statistiques

Statistiques générales
  • Ce quiz a été pris 5 fois
  • Le résultat moyen est 9 sur 12
Statistiques - réponses
Hint Réponse % Correct
Revive+ 1 BLACKHOLE
100%
Revive+ 2 BANG BANG
100%
Revive+2 7 8 (JANGWONYOUNG Solo)
75%
Revive+ 5 Fireworks
75%
Revive+ 6 HOT COFFEE
75%
Revive+ 3 Hush
75%
Revive+2 11 In Your Heart (REI Solo)
75%
Revive+2 10 Unreal (LIZ Solo)
75%
Revive+2 12 Force (ANYUJIN Solo)
50%
Revive+2 8 Odd (GAEUL Solo)
50%
Revive+ 4 Stuck in Your Head
50%
Revive+2 9 Super Icy (LEESEO Solo)
50%
Aucun quiz correspondant
Distribution des résultats
% des personnes avec chaque résultat
Percentile par nombre de réponses
Votre historique - résultats
Vous n’avez pas pris ce quiz